Guess the Gracie Abrams Song With No Hints 2 - Statistics

General Stats
  • This quiz has been taken 25 times
  • The average score is 148 of 243
Answer Stats
Answer % Correct
I
100%
M
100%
O
95%
a
84%
N
84%
R
84%
you
84%
and
74%
are
74%
be
74%
me
74%
the
74%
to
74%
I'm
68%
my
68%
your
68%
all
63%
but
63%
'cause
63%
cause
63%
for
63%
is
63%
not
63%
at
58%
fault
58%
how
58%
in
58%
it's
58%
just
58%
of
58%
some
58%
sorry
58%
that
58%
things
58%
by
53%
can't
53%
if
53%
I'll
53%
on
53%
out
53%
310
47%
get
47%
gotta
47%
Hit
47%
home
47%
house
47%
know
47%
oh
47%
or
47%
stuck
47%
this
47%
dad's
42%
door
42%
drive
42%
far
42%
luck
42%
miles
42%
minorly
42%
mom's
42%
night
42%
over
42%
point
42%
run
42%
somewhere
42%
than
42%
understand
42%
we'll
42%
would
42%
been
37%
better
37%
come
37%
early
37%
freeway
37%
Glendale
37%
here
37%
meet
37%
never
37%
nothing
37%
shady
37%
take
37%
up
37%
word
37%
already
32%
curfew
32%
put
32%
show
32%
time
32%
traffic
32%
down
26%
grew
26%
past
21%
No matching quizzes found
Score Distribution
Percent of People with Each Score
Percentile by Number Answered
Your Score History
You have not taken this quiz